Relics Spawn Shadows (Record no. 12306)

000 -LEADER
fixed length control field 00328nam a2200145 4500
020 ## - INTERNATIONAL STANDARD BOOK NUMBER
International Standard Book Number 0-7515-3647-4
082 ## - DEWEY DECIMAL CLASSIFICATION NUMBER
Classification number 813.54
100 ## - MAIN ENTRY--PERSONAL NAME
Personal name Shaun Hutson
245 ## - TITLE STATEMENT
Title Relics Spawn Shadows
260 ## - PUBLICATION, DISTRIBUTION, ETC.
Place of publication, distribution, etc. UK
Name of publisher, distributor, etc. Time Warner Paper Backs
Date of publication, distribution, etc. 2004
300 ## - PHYSICAL DESCRIPTION
Extent 325p.
Accompanying material 18cm.
650 ## - SUBJECT ADDED ENTRY--TOPICAL TERM
Topical term or geographic name entry element Fiction
700 ## - ADDED ENTRY--PERSONAL NAME
Personal name Hutson, Shaun
942 ## - ADDED ENTRY ELEMENTS (KOHA)
Koha item type Book
Holdings
Withdrawn status Lost status Damaged status Not for loan Collection code Permanent Location Current Location Shelving location Date acquired Source of acquisition Cost, normal purchase price Total Checkouts Total Renewals Full call number Barcode Date last seen Date last checked out Price effective from Koha item type
          Central Library (CL) Central Library (CL) Fiction 10/11/2013 Donation 0.00 4 3 813.54 HUT SEECSD00982 02/12/2024 11/22/2023 12/24/2013 Book
© 2023 Central Library, National University of Sciences and Technology. All Rights Reserved.